Thinking inside the box (Record no. 76577)

MARC details
000 -LEADER
fixed length control field 00978cab a2200205 4500
001 - CONTROL NUMBER
control field ##L132709
008 - FIXED-LENGTH DATA ELEMENTS--GENERAL INFORMATION
fixed length control field 060302n2006 000 0 eng u
035 ## - SYSTEM CONTROL NUMBER
System control number (Sirsi) u132709
041 0# - LANGUAGE CODE
Language code of text/sound track or separate title eng
100 1# - MAIN ENTRY--PERSONAL NAME
Personal name Mallet, Lee
245 00 - TITLE STATEMENT
Title Thinking inside the box
260 ## - PUBLICATION, DISTRIBUTION, ETC.
Date of publication, distribution, etc. 2006
490 #0 - SERIES STATEMENT
Series statement Property Week
Volume/sequential designation 71(8), 24 February 2006, 46-48(3)
520 ## - SUMMARY, ETC.
Summary, etc. The Regeneration Property Forum is set to launch the Urban Regeneration Toolbox in the autumn of 2006. It aims to provide a route map of where both the industry's public and private sector can share information and learn from each other regarding regeneration issues. The article presents an overview of the visions and practical approaches of two contributors to the project, King's Cross in London and the Westgate Demonstrator Project in Rotherham.
650 24 - SUBJECT ADDED ENTRY--TOPICAL TERM
Topical term or geographic name entry element REGENERATION PROPERTY FORUM
650 24 - SUBJECT ADDED ENTRY--TOPICAL TERM
Topical term or geographic name entry element KINGS CROSS
650 24 - SUBJECT ADDED ENTRY--TOPICAL TERM
Topical term or geographic name entry element ROTHERHAM
690 ## - LOCAL SUBJECT ADDED ENTRY--TOPICAL TERM (OCLC, RLIN)
Topical term or geographic name as entry element PROPERTY-PROPERTY MANAGEMENT-REGENERATION
942 ## - ADDED ENTRY ELEMENTS (KOHA)
Suppress in OPAC 0
Holdings
Withdrawn status Lost status Source of classification or shelving scheme Damaged status Not for loan Home library Current library Shelving location Date acquired Total Checkouts Full call number Barcode Date last seen Copy number Price effective from Koha item type
    Dewey Decimal Classification     London London Journal article 02/03/2006   L132709 132709-1001 06/08/2019 1 06/08/2019 Journal article